Cd̤igo General Disciplinario 2022 Ley 1952 de 28 de Enero de 2019 /

Detalles Bibliográficos
Autor principal: Chavarro Cadena, Jorge Enrique
Otros Autores: Ortegn̤ Ortegn̤, Luis Gilberto
Formato: eBook
Lenguaje:español
Publicado: Bogot:̀ Grupo Editorial Nueva Legislacin̤, 2022
Materias:
Acceso en línea:Acceso restringido

MARC

LEADER 00000nam a22000007a 4500
005 20220712225517.0
007 cr|||| ||||
008 220712s2022 co |||||s|||| 00||0 spa d
020 |a 978-958-525024-6-7 
035 |a 36707 
040 |a vLex 
090 |c 13553  |d 13553 
100 1 |a Chavarro Cadena, Jorge Enrique 
245 1 0 |a Cd̤igo General Disciplinario 2022  |h [Recurso electrn̤ico] :  |b Ley 1952 de 28 de Enero de 2019 /  |c Jorge Enrique Chavarro Cadena, Luis Gilberto Ortegn̤ Ortegn̤ 
256 |a Servicio en ln̕ea 
260 |a Bogot:̀  |b Grupo Editorial Nueva Legislacin̤,  |c 2022 
300 |a 1 recurso electrn̤ico 
500 |a Para Nueva Legislacin̤ SAS es grato presentar la Segunda Edicin̤ del Cd̤igo General Disciplinario, se trata de una edicin̤ especial por su organizacin̤, estructura y contenido de la misma. El Cd̤igo General Disciplinario, es una publicacin̤ integral, ya que toma como base la Ley 1952 de 28 de enero de 2019 incluyendo las concordancias correspondientes en cada uno de los artc̕ulos de la obra; tales como: leyes, decretos, resoluciones, circulares, doctrina y jurisprudencia; las cuales se encuentran a disposicin̤ de los suscriptores del libro digital, actualizadas de forma permanente en nuestro portal WEB 
506 1 |a Disponible solo en los productos indicados  |d vLex Global  |d vLex Global (Academic Edition, excluding Law Schools)  |d vLex Global (U.S. Academic Edition, Law Schools)  |d vLex Global (U.S. Academic Edition, excluding Law Schools)  |d vLex Global (Academic Edition, Law Schools) 
650 0 4 |a Derecho Pb︢lico y Administrativo  |z Colombia 
700 1 |a Ortegn̤ Ortegn̤, Luis Gilberto 
740 0 |a vLex Libros (Servicio en ln̕ea) 
856 4 0 |u https://app.vlex.com/#/sources/36707  |z Acceso restringido 
942 |c BOOK 
999 0 |a Public and Administrative Law